000 01090nac a22002897a 4500
001 BR6002174
003 BR-BrBNA
005 20240105113030.0
008 230509b bl.|||m| |||| 00| 0 por d
040 _aBR-BrBNA
_bpor
_cBiblioteca Nacional de Agricultura
072 _aF01; F30
090 _a1930 BR6002174
100 1 _aAraujo, J.G.F. de (comp.)
100 1 _aVieira, L.M.
100 1 _aGomide, J.A.
110 1 _aUniversidade Federal de Vicosa, MG (Brasil). Centro de Ensino de Extensao;
_910968
110 1 _aAssociacao de Credito e Assistencia Rural, Belo Horizonte, MG (Brasil)
_9511
245 1 _aCapim-elefante 2. Composicao quimica e producao forrageira de tres variedades de capim-elefante
_bConvenio U.F.V./ABCAR
260 3 _aVicosa, MG (Brasil):
_c1974.
300 _a5 p.
490 _aSerie Extensao Rural - Universidade Federal de Vicosa (Brazil)
_vv. 2(6)
_x
500 _aReprint of "Revista Ceres" 15(86): p. 245-260, 1968
650 _aCAPIM ELEFANTE
650 _aVARIEDADE
909 _a202312
_bLúcia Elande
_c55
_dLúcia Elande
942 _2AGRIS
_n0
_cMS
999 _c261510
_d261510